Fundamentals of food service operations / (Record no. 2316)

MARC details
000 -LEADER
fixed length control field 00552nam a2200169 4500
005 - DATE AND TIME OF LATEST TRANSACTION
control field 20260212061407.0
008 - FIXED-LENGTH DATA ELEMENTS--GENERAL INFORMATION
fixed length control field 240918b |||||||| |||| 00| 0 eng d
020 ## - INTERNATIONAL STANDARD BOOK NUMBER
International Standard Book Number 978-971-9655-04-6
082 ## - DEWEY DECIMAL CLASSIFICATION NUMBER
Classification number Fil. 642 D331 2022
100 ## - MAIN ENTRY--PERSONAL NAME
Personal name Dela Cruz, Rea Dv.
9 (RLIN) 240
245 ## - TITLE STATEMENT
Title Fundamentals of food service operations /
Statement of responsibility, etc. Rea Dv. Dela Cruz
260 ## - PUBLICATION, DISTRIBUTION, ETC.
Place of publication, distribution, etc. Manila:
Name of publisher, distributor, etc. Mindshapers,
Date of publication, distribution, etc. c2022
300 ## - PHYSICAL DESCRIPTION
Extent x, 144p.:
Other physical details ill.
504 ## - BIBLIOGRAPHY, ETC. NOTE
Bibliography, etc. note Includes bibliographical references
541 ## - IMMEDIATE SOURCE OF ACQUISITION NOTE
Accession number 7575 c.1, 7576 c.2, 7577 c.3, 7894 c.4, 7895 c.5
650 ## - SUBJECT ADDED ENTRY--TOPICAL TERM
Topical term or geographic name entry element Food service
9 (RLIN) 241
Holdings
Withdrawn status Lost status Source of classification or shelving scheme Damaged status Not for loan Home library Current library Date acquired Total Checkouts Full call number Barcode Date last seen Copy number Price effective from Koha item type
    Dewey Decimal Classification     ctu-moalboal ctu-moalboal 01/12/2024   Fil. 642 D331 2022 7575 09/18/2024 1 09/18/2024 Books-Filipiniana
    Dewey Decimal Classification     ctu-moalboal ctu-moalboal 01/12/2024   Fil. 642 D331 2022 7576 09/18/2024 2 09/18/2024 Books-Filipiniana
    Dewey Decimal Classification     ctu-moalboal ctu-moalboal 01/12/2024   Fil. 642 D331 2022 7577 09/18/2024 3 09/18/2024 Books-Filipiniana
    Dewey Decimal Classification     ctu-moalboal ctu-moalboal 06/20/2024   Fil. 642 D331 2022 7894 02/12/2026 4 02/12/2026 Books-Filipiniana
    Dewey Decimal Classification     ctu-moalboal ctu-moalboal 06/20/2024   Fil. 642 D331 2022 7895 02/12/2026 5 02/12/2026 Books-Filipiniana